1268 1659 1317 1076 1962 1022 1238 1489 1459 1473 1783 1912 1811 1303 1710 1170 1368 1362 1882 1056 1381 1869 1451 1457 1049 1236 1426 2000 1414 1129 1063 1101 1129 1117 1904 1854 1253 1904 1080 1614 1290 1963 1999 1955 1265 1536 1383 1761 1101 1523 1052 1290 1098 1009 1555 1309 1473 1563 1233 1883 1600 1828 1056 1495 1466 1163 1394 1824 1649 1672 1455 1050 1251 1399 1129 1984 1701 1712 1399 1915 1224 1383 1533 1110 1038 1386 1763 1422 1048 1500 1103 1908 1295 1561 1827 1559 1554 1669 1148 BCNSPRNW ULIB Ver.6.0+V

เปลี่ยนเป็นภาษาไทย

Change to English
 แสดงรายละเอียดบรรณานุกรม
  กลับหน้าหลัก

Brief Record : Get Marc (ISO 2709) : E-mail record : QR code < ปิดหน้าต่าง
LEADER : 00000nam 2200000uu 4500
001    13399127190
003     ULIB
008    191021s2562||||th 000 0 tha d
020 ^- ^a9786163660626
050 ^- ^aนว.^bข562น
100 0^ aขวัญใจ เอมใจ.
245 10 ^aนางฟ้าที่(แสน)รัก /^cขวัญใจ เอมใจ.
250 ^- ^aพิมพ์ครั้งที่ 1.
260 ^- ^aนนทบุรี :^bดวงตะวัน,^c2562
300 ^- ^a447 หน้า.
945    ^p350^l0^i27882
999    ^aกัณชพร จุลอักษร
รายการนี้ยังไม่มีแท็ก
คุณยังไม่ได้ล็อกอิน คุณสามารถมีกิจกรรมร่วมกับเว็บไซต์ได้ แต่ต้องล็อกอินก่อน ::
  ล็อกอิน

รายการสื่อสารสนเทศ

ลำดับที่ ประเภท เลขเรียก/บาร์โค้ด สถานที่ สถานะ
1. วิทยาศาสตร์การแพทย์ และสุขภาพ
วิทยาศาสตร์การแพทย์ และสุขภาพ
นว. ข562น ฉ.1 
  Barcode: 27882
ห้องสมุดวิทยาเขตนครสวรรค์
►นวนิยาย:l:Fiction
บนชั้น

BibComment


ยังไม่เคยถูกคอมเมนท์

คอมเมนท์ทรัพยากรรายการนี้
  คอมเมนท์: นางฟ้าที่แสนรัก ..


 Copyright 2026. Bcnsprnw @Library